[Event "FRA-chT2 West 0708"]
[Site "France"]
[Date "2007.11.24"]
[Round "2.4"]
[White "Cadiou, Jacques"]
[Black "Bernard, Vincent"]
[Result "1/2-1/2"]
[WhiteElo "1974"]
[BlackElo "2186"]
[PlyCount "82"]
[EventDate "2007.10.21"]
[EventType "team"]
[EventRounds "11"]
[EventCountry "FRA"]
[SourceTitle "EXT 2009"]
[Source "ChessBase"]
[SourceDate "2008.11.26"]
[SourceVersion "1"]
[SourceVersionDate "2008.11.26"]
[SourceQuality "1"]
[WhiteTeam "Quimper"]
[BlackTeam "Bois Colombes II"]
[WhiteTeamCountry "FRA"]
[BlackTeamCountry "FRA"]

1. Nf3 c5 2. c4 g6 3. e4 Nc6 4. d4 cxd4 5. Nxd4 Nf6 6. Nc3 d6 7. Be2 Nxd4 8. Qxd4 Bg7 9. Bg5 0-0 10. Qd2 Be6 11. Rc1 Qa5 12. 0-0 a6 13. Rfd1 Rfc8 14. b3 b5 15. Bxf6 Bxf6 16. Nd5 Qxd2 17. Nxf6+ Kg7 18. Nh5+ gxh5 19. Rxd2 bxc4 20. bxc4 Rc5 21. Rc3 Rac8 22. Rdc2 h4 23. f3 f5 24. Kf2 f4 25. g3 hxg3+ 26. hxg3 fxg3+ 27. Kxg3 Kf6 28. Kf4 Bf7 29. Bd3 h5 30. Rh2 Rg8 31. Ra3 a5 32. Rc3 Rg1 33. Rcc2 Rd1 34. Ke3 Rg1 35. Kf4 Re1 36. Rhe2 Rxe2 37. Bxe2 Rg5 38. Bd3 Rc5 39. Ke3 Rg5 40. Kf4 Rc5 41. Ke3 Rg5 1/2-1/2

[Event "FRA-chT2 North 0607"]
[Site "France"]
[Date "2006.11.26"]
[Round "3.2"]
[White "Mokcsay, Robert"]
[Black "Bernard, Vincent"]
[Result "1-0"]
[WhiteElo "2360"]
[BlackElo "2230"]
[PlyCount "58"]
[EventDate "2006.10.15"]
[EventType "team"]
[EventRounds "11"]
[EventCountry "FRA"]
[SourceTitle "EXT 2008"]
[Source "ChessBase"]
[SourceDate "2007.11.25"]
[SourceVersion "1"]
[SourceVersionDate "2007.11.25"]
[SourceQuality "1"]
[WhiteTeam "Bagneux"]
[BlackTeam "Bois Colombes II"]
[WhiteTeamCountry "FRA"]
[BlackTeamCountry "FRA"]

1. c4 g6 2. Nc3 Bg7 3. g3 c5 4. Bg2 Nc6 5. e3 e6 6. Nge2 Nge7 7. d4 cxd4 8. exd4 d5 9. cxd5 exd5 10. 0-0 0-0 11. Bg5 Be6 12. Qd2 Qd7 13. Bh6 Bh3 14. Bxg7 Kxg7 15. Nf4 Bxg2 16. Kxg2 Nf5 17. Ncxd5 Ncxd4 18. Rfd1 Rac8 19. Nh5+ Kh8 20. Nhf6 Qd6 21. Rac1 Rc6 22. Rc3 Qd8 23. Rd3 Rxf6 24. Rxd4 Rd6 25. Rd3 Re8 26. Qc3+ Kg8 27. Nc7 Re7 28. Rxd6 Nxd6 29. Nb5 Rd7 1-0

[Event "FRA-chT N1"]
[Site "France"]
[Date "2005.05.06"]
[Round "9.6"]
[White "Bernard, Vincent"]
[Black "Goncalves, Laurent"]
[Result "1/2-1/2"]
[WhiteElo "2278"]
[BlackElo "2114"]
[PlyCount "83"]
[EventDate "2005.05.05"]
[EventType "team"]
[EventRounds "11"]
[EventCountry "FRA"]
[SourceTitle "EXT 2006"]
[Source "ChessBase"]
[SourceDate "2005.11.24"]
[SourceVersion "1"]
[SourceVersionDate "2005.11.24"]
[SourceQuality "1"]

1. Nf3 Nf6 2. c4 g6 3. Nc3 d5 4. cxd5 Nxd5 5. e4 Nxc3 6. dxc3 Qxd1+ 7. Kxd1 Bg7 8. Bf4 c5 9. Bb5+ Nd7 10. Ne5 a6 11. Bxd7+ Bxd7 12. Nxd7 Kxd7 13. a4 b5 14. Kc2 Rhd8 15. Rhd1+ Kc6 16. Rxd8 Rxd8 17. axb5+ Kxb5 18. b3 e6 19. Ra4 Rd7 20. e5 Rc7 21. Rc4 Rc8 22. f3 h5 23. Bg3 Bh6 24. Bf2 Bg7 25. Rf4 Rc7 26. c4+ Kc6 27. Re4 Bh6 28. Be1 Rd7 29. Bc3 Rd8 30. Re1 Bf4 31. g3 Bg5 32. Ra1 Kb7 33. f4 Bh6 34. Re1 Kc6 35. Bd2 Rd7 36. Ra1 Kb7 37. Be3 Bf8 38. Rg1 Be7 39. h3 Rd8 40. Rh1 Kc6 41. g4 Rh8 42. g5 1/2-1/2

[Event "FRA-chT2 0304"]
[Site "France"]
[Date "2003.12.07"]
[Round "4"]
[White "Bernard, Vincent"]
[Black "Guyot, Emmanuel"]
[Result "1-0"]
[WhiteElo "2278"]
[BlackElo "2082"]
[PlyCount "127"]
[EventDate "2003.10.??"]
[EventType "team"]
[EventRounds "11"]
[EventCountry "FRA"]
[SourceTitle "EXT 2005"]
[Source "ChessBase"]
[SourceDate "2004.11.15"]
[SourceVersion "1"]
[SourceVersionDate "2004.11.15"]
[SourceQuality "1"]
[WhiteTeam "Bois Colombes"]
[BlackTeam "Le Chesnay"]
[WhiteTeamCountry "FRA"]
[BlackTeamCountry "FRA"]

1. Nf3 Nc6 2. e4 e5 3. Bb5 Nd4 4. Nxd4 exd4 5. 0-0 Bc5 6. d3 Ne7 7. Qh5 Bb6 8. Bg5 0-0 9. Nd2 f6 10. Bc4+ Kh8 11. Bh4 c6 12. Bb3 Qe8 13. Qxe8 Rxe8 14. Bg3 d5 15. exd5 Nxd5 16. Nc4 Bc5 17. Rfe1 Be6 18. Bd6 Bb6 19. Re4 Rad8 20. Rae1 Bf7 21. Rxe8+ Rxe8 22. Rxe8+ Bxe8 23. Nxb6 axb6 24. Bxd5 cxd5 25. Bc7 b5 26. Bb6 Kg8 27. Bxd4 Kf7 28. f3 Ke6 29. Kf2 Kd6 30. Ke3 Ke6 31. Ba7 Kd6 32. Kd4 Bc6 33. Bb8+ Ke6 34. Kc5 g6 35. Bg3 f5 36. Bf2 g5 37. Bd4 h5 38. g3 g4 39. f4 Kd7 40. Be5 Ke6 41. b4 Ke7 42. Kb6 Kd8 43. Bf6+ Kc8 44. Kc5 Kc7 45. Be5+ Kd8 46. Kd6 Ke8 47. Ke6 Bd7+ 48. Kxd5 Kf7 49. Kc5 Ke6 50. Kb6 Bc6 51. c4 bxc4 52. dxc4 Kd7 53. a4 Kc8 54. a5 Be4 55. a6 bxa6 56. Kxa6 Bd3 57. Kb5 Kb7 58. Kc5 Be2 59. b5 Bf1 60. Kb4 Bd3 61. c5 Be4 62. c6+ Kb6 63. Bd4+ Kc7 64. Kc5 1-0

[Event "FRA-chT2S 0203"]
[Site "France"]
[Date "2003.03.15"]
[Round "8.4"]
[White "Gharamian, Tigran"]
[Black "Bernard, Vincent"]
[Result "1/2-1/2"]
[WhiteElo "2250"]
[BlackElo "2248"]
[PlyCount "82"]
[EventDate "2002.10.??"]
[EventType "team"]
[EventRounds "11"]
[EventCountry "FRA"]
[SourceTitle "EXT 2004"]
[Source "ChessBase"]
[SourceDate "2003.11.25"]
[SourceVersion "1"]
[SourceVersionDate "2003.11.25"]
[SourceQuality "1"]
[WhiteTeam "Lille"]
[BlackTeam "Bois Colombes"]
[WhiteTeamCountry "FRA"]
[BlackTeamCountry "FRA"]

1. e4 c5 2. Nc3 Nc6 3. Bb5 g6 4. Bxc6 dxc6 5. d3 Bg7 6. Be3 b6 7. f4 Nf6 8. Nf3 0-0 9. h3 Ne8 10. 0-0 Nc7 11. Rb1 Ne6 12. Ne2 Nd4 13. Nexd4 cxd4 14. Bd2 c5 15. Qe1 a5 16. a4 e6 17. Qg3 Bd7 18. b3 Qc7 19. h4 h5 20. Ne5 Kh7 21. Rf2 Be8 22. Re1 f6 23. Nf3 Bf7 24. Qh3 Rae8 25. Ref1 f5 26. Re2 Bf6 27. Qg3 Qd8 28. Rfe1 Kg8 29. Ng5 Kg7 30. Qf3 Qd7 31. Qg3 Qd8 32. Nf3 Kg8 33. Kh2 Kg7 34. Kh3 Qc8 35. Ne5 Qd8 36. Nc6 Qc8 37. Ne5 Qd8 38. Bc1 Qc8 39. Kh2 Qd8 40. Kh3 Qc8 41. Bd2 Qd8 1/2-1/2

[Event "FRA-chT2"]
[Site "France"]
[Date "2002.01.19"]
[Round "5.4"]
[White "Crudo, Franck"]
[Black "Bernard, Vincent"]
[Result "0-1"]
[WhiteElo "2077"]
[BlackElo "2242"]
[PlyCount "110"]
[EventDate "2002.??.??"]
[EventType "team"]
[EventRounds "11"]
[EventCountry "FRA"]
[SourceTitle "EXT 2003"]
[Source "ChessBase"]
[SourceDate "2002.11.25"]
[SourceVersion "1"]
[SourceVersionDate "2002.11.25"]
[SourceQuality "1"]

1. e4 c5 2. c3 Nf6 3. e5 Nd5 4. d4 cxd4 5. Bc4 Nb6 6. Bb3 Nc6 7. Nf3 g6 8. cxd4 Bg7 9. 0-0 0-0 10. Nc3 d6 11. exd6 Qxd6 12. Ne4 Qd8 13. Be3 Nd5 14. Nc3 Be6 15. Ng5 Nxe3 16. fxe3 Bxb3 17. Qxb3 e6 18. Nce4 Qe7 19. Nf3 h6 20. Rfe1 Rfd8 21. Rad1 Qb4 22. Qxb4 Nxb4 23. Nc3 Rac8 24. Re2 Nd5 25. Rd3 a6 26. Nxd5 Rxd5 27. Rb3 Rc7 28. Kf2 Ra5 29. Rc3 Rd7 30. a3 e5 31. Nxe5 Bxe5 32. dxe5 Rxe5 33. Rec2 Rde7 34. Rc8+ Kg7 35. R2c3 Rh5 36. h3 Rf5+ 37. Ke2 Rg5 38. Kf3 Re6 39. R8c5 Rf6+ 40. Ke4 Rxg2 41. Rb3 b6 42. Rc8 Rh2 43. Rb8 b5 44. a4 bxa4 45. Rc3 Rxh3 46. Rcc8 Rh4+ 47. Kd5 Rh5+ 48. Kd4 Rd6+ 49. Ke4 Rb5 50. Rg8+ Kf6 51. Rxb5 axb5 52. Rb8 Re6+ 53. Kf4 g5+ 54. Kf3 Re5 55. Rb6+ Kg7 0-1

[Event "FRA-chT2"]
[Site "France"]
[Date "2001.11.17"]
[Round "2"]
[White "Mancini, Mario"]
[Black "Bernard, Vincent"]
[Result "1/2-1/2"]
[WhiteElo "2291"]
[BlackElo "2242"]
[PlyCount "164"]
[EventDate "2002.??.??"]
[EventType "team"]
[EventRounds "11"]
[EventCountry "FRA"]
[SourceTitle "EXT 2003"]
[Source "ChessBase"]
[SourceDate "2002.11.25"]
[SourceVersion "1"]
[SourceVersionDate "2002.11.25"]
[SourceQuality "1"]

1. d4 d5 2. c4 dxc4 3. Nf3 a6 4. e3 Nf6 5. Bxc4 e6 6. 0-0 c5 7. Qe2 b5 8. Bd3 Bb7 9. a4 b4 10. Rd1 Nbd7 11. Nbd2 Qc7 12. Nc4 Be7 13. Bd2 0-0 14. Rac1 a5 15. e4 cxd4 16. e5 Bxf3 17. gxf3 Nd5 18. Qe4 g6 19. Qxd4 Rfd8 20. Bh6 Qa7 21. Qxa7 Rxa7 22. Be4 Nc5 23. Bxd5 exd5 24. Nd6 Nxa4 25. Nc8 Rad7 26. Nxe7+ Rxe7 27. Bg5 Ree8 28. Bxd8 Rxd8 29. Rd2 Nb6 30. Rc6 Rb8 31. e6 fxe6 32. Rxe6 Kf7 33. Rde2 Rb7 34. Re8 a4 35. Rd8 a3 36. bxa3 bxa3 37. Ra2 Ra7 38. Kf1 Ke7 39. Rh8 Kd6 40. Rd8+ Kc5 41. Ke2 Kb4 42. Rb8 Ra6 43. Ra1 a2 44. Rxb6+ Rxb6 45. Rxa2 Kc4 46. Rc2+ Kd4 47. Rd2+ Ke5 48. Ra2 Rb4 49. Ra8 Rh4 50. Ke3 Rxh2 51. Re8+ Kd6 52. Rd8+ Ke6 53. Re8+ Kf7 54. Rd8 Rh5 55. f4 Ke7 56. Rh8 Ke6 57. Rd8 Rf5 58. Rh8 h5 59. Rh7 Rf7 60. Rh8 Rd7 61. Re8+ Kf7 62. Ra8 d4+ 63. Kd3 Kf6 64. Rf8+ Kg7 65. Ra8 Kf7 66. Ra6 Kg7 67. Rb6 h4 68. Rb1 Rf7 69. Kxd4 Rxf4+ 70. Ke3 g5 71. f3 Kg6 72. Rb8 Ra4 73. Kf2 Ra2+ 74. Kg1 Kf5 75. Rf8+ Ke5 76. Rf7 h3 77. Rh7 Rg2+ 78. Kf1 Kf4 79. Rxh3 Rb2 80. Kg1 Ke3 81. Rg3 Rb1+ 82. Kg2 Rb2+ 1/2-1/2

[Event "Paris-ch op"]
[Site "Paris"]
[Date "2000.07.16"]
[Round "2"]
[White "Bernard, Vincent"]
[Black "Savchenko, Stanislav"]
[Result "0-1"]
[WhiteElo "2224"]
[BlackElo "2579"]
[PlyCount "60"]
[EventDate "2000.07.15"]
[EventType "swiss"]
[EventRounds "9"]
[EventCountry "FRA"]
[SourceTitle "EXT 2001"]
[Source "ChessBase"]
[SourceDate "2000.11.22"]
[SourceVersion "1"]
[SourceVersionDate "2000.11.22"]
[SourceQuality "1"]

1. Nf3 d5 2. d4 Nf6 3. c4 c6 4. cxd5 cxd5 5. Nc3 Nc6 6. Bf4 Ne4 7. e3 Nxc3 8. bxc3 g6 9. c4 dxc4 10. Bxc4 Bg7 11. 0-0 0-0 12. h3 Bf5 13. Rc1 Rc8 14. Qa4 a6 15. Be2 Qa5 16. Qxa5 Nxa5 17. Bc7 Nc6 18. Bb6 Nb4 19. a3 Na2 20. Rxc8 Rxc8 21. Bc5 Nc3 22. Re1 e5 23. Bd6 e4 24. Ne5 Nxe2+ 25. Rxe2 Rc1+ 26. Kh2 f6 27. Nf3 exf3 28. gxf3 Rc2 29. Rxc2 Bxc2 30. e4 Bf8 0-1